000 03234nam a2200769 i 4500
001 28175
003 KOSZ 005
005 20210519145832.0
008 990506s1984 pl a |100 0 pol
015 _aUWD 1984/2386
020 _a8301050772
035 _a991009776829705066
035 _a(PL-WaBN)b12640712-48omnis_nlop
035 _ab12640712
035 _a(OCoLC)830248538
035 _azz2002962634
035 _a(PL)b0000001264071
035 _a(EXLNZ-48OMNIS_NETWORK)9910005419105606
040 _aWA N
_cWA N
_dWA N
_dKOSZ 005/HR
041 0 _apol
_brus
_beng
046 _k1984
080 _a316
080 _a1
080 _a57
080 _a008
080 _a(06)
245 0 0 _aWizje człowieka i społeczeństwa w teoriach i badaniach naukowych :
_btom studiów /
_cpod red. Stefana Nowaka ; S. Nowak, Edmund Mokrzycki, Antonina Kłoskowska, Andrzej Wierciński, Włodzimierz Wesołowski, Magdalena Sokołowska, Elżbieta Paszkiewicz, Adam Urbanek, Tadeusz Bielicki, Władysław Kunicki-Goldfinger, Sławoj Olczyk, Maciej Przanowski, Krzysztof Maurin, Anna Pawełczyńska, Stefan Amsterdamski.
260 _aWarszawa :
_bPaństwowe Wydawnictwo Naukowe,
_c1984.
300 _a344 s. :
_bil. ;
_c21 cm.
336 _aTekst
_btxt
_2rdacontent
337 _aBez urządzenia pośredniczącego
_bn
_2rdamedia
338 _aWolumin
_bnc
_2rdacarrier
380 _aKsiążki
380 _aPublikacje naukowe
388 _a1901-2000
388 _a1945-1989
500 _aMateriały z interdyscyplinarnej konferencji zorg. przez Zakład Metodologii Badań Socjologicznych Instytutu Socjologii Uniwersytetu Warszawskiego, Kazimierz nad Wisłą, maj 1980 r.
546 _aStreszcz. ros., ang.
650 7 _aBiologia
_2DBN
650 7 _aFilozofia
_2DBN
650 7 _aKultura
_2DBN
650 7 _aPsychologia
_2DBN
650 7 _aSocjologia
_2DBN
650 7 _aSocjobiologia
650 7 _aBadania naukowe
655 7 _aMateriały konferencyjne
_2DBN
658 _aNauka i badania
700 1 _aAmsterdamski, Stefan
_d(1929-2005)
_eAutor
700 1 _aBielicki, Tadeusz
_d(1932- )
_eAutor
700 1 _aKłoskowska, Antonina
_d(1919-2001)
_eAutor
700 1 _aKunicki-Goldfinger, Władysław
_d(1916-1995)
_eAutor
700 1 _aMaurin, Krzysztof
_d(1923-2017)
_eAutor
700 1 _aMokrzycki, Edmund
_d(1937-2001)
_eAutor
700 1 _aNowak, Stefan
_d(1925-1989)
_eAutor
_eRedakcja
700 1 _aOlczyk, Sławoj
_d(1943- )
_eAutor
700 1 _aPaszkiewicz, Elżbieta
_eAutor
700 1 _aPawełczyńska, Anna
_d(1922-2014)
_eAutor
700 1 _aPrzanowski, Maciej
_d(1945- )
_eAutor
700 1 _aSokołowska, Magdalena
_d(1922-1989)
_eAutor
700 1 _aUrbanek, Adam
_d(1928-2014)
_eAutor
700 1 _aWesołowski, Włodzimierz
_d(1929-2020)
_eAutor
700 1 _aWierciński, Andrzej
_d(1930-2003)
_eAutor
710 1 _aPaństwowe Wydawnictwo Naukowe
_4pbl
856 _uhttp://koha.tu.koszalin.pl/cgi-bin/koha/opac-detail.pl?biblionumber=28175
_yKatalog online BPK
942 _2UKD
_cKS
999 _c28175
_d28175